| 000 | 01366nam a2200337 a 4500 | ||
|---|---|---|---|
| 005 | 20240506133837.0 | ||
| 008 | 100518t1996||||ag a f |||| 001 0 spa d | ||
| 020 | _a9879500369 | ||
| 041 | _aspa | ||
| 092 |
_c616.2 _l98 _sZAV |
||
| 100 | 1 |
_aZavala, Donald C. _93754 |
|
| 245 |
_aManual de pruebas de ejercicio y rehabilitación cardiaca y pulmonar / _cDonald C. Zavala |
||
| 250 | _a1a ed. | ||
| 260 |
_aBuenos Aires: _bCentro Editor de la Fundación Favaloro; _c1996. |
||
| 300 | _a325 p. | ||
| 500 | _aZavala, D. y Mazzei, J. A. M. (1996). Manual de pruebas de ejercicio y rehabilitación cardíaca y pulmonar. (1a ed.). Buenos Aires : Centro Editor Fundación Favaloro. | ||
| 653 | _aFisiología del ejercicio: información básica | ||
| 653 | _aPreparación para la prueba de ejercicio | ||
| 653 | _aEquipo de ejercicio | ||
| 653 | _aProtocolos de ejercicio | ||
| 653 | _aMiscelanea matemática | ||
| 653 | _aInterpretación de los resultados del ejercicio. El programa paso a paso | ||
| 653 | _aRedacción del informe | ||
| 653 | _aInformación de un caso con su interpretación paso a paso | ||
| 653 | _aComunicación de casos seleccionados | ||
| 653 | _aComentarios de importancia clínica | ||
| 653 | _aIncapacidad | ||
| 653 | _aRehabilitación cardíaca y pulmonar | ||
| 700 | 1 |
_aMazzei, Juan Antonio M. _93755 |
|
| 942 |
_2ddc _cBK |
||
| 999 |
_c2173 _d2173 |
||